NATO Countries Missing on a Map - Statistics

General Stats
  • This quiz has been taken 382 times
    358 since last reset
  • The average score is 31 of 32
Answers on the Map
Answers color-coded by a green-red scale on the quiz's map according to % correct below.
 
Answer Stats
Answer % Correct
Canada
100%
Denmark
100%
Finland
100%
France
100%
Germany
100%
Greece
100%
Italy
100%
Norway
100%
Spain
100%
Sweden
100%
Turkey
100%
United Kingdom
100%
United States
100%
Latvia
99%
Lithuania
99%
Poland
99%
Portugal
99%
Croatia
98%
Czech Republic
98%
Estonia
98%
Hungary
98%
North Macedonia
98%
Romania
98%
Slovakia
98%
Slovenia
98%
Albania
97%
Belgium
97%
Bulgaria
97%
Montenegro
97%
Netherlands
97%
Luxembourg
95%
Iceland
91%
No matching quizzes found
Score Distribution
Percent of People with Each Score
Percentile by Number Answered
Your Score History
You have not taken this quiz since the last reset